Archäologische Jagdbelege ans böhmischen Burgen

Titel: Archäologische Jagdbelege ans böhmischen Burgen / Tomáš Durdík
Verfasser:
In: Tiere auf Burgen und frühen Schlössern, (2016), Seite 211-218
alle Artikel anzeigen
Veröffentlicht: 2016
Umfang: Illustrationen
Format: Aufsatz
Sprache: Deutsch
Schlagworte:
Kein Bild verfügbar
X
alg: 45646103
001A    $03025:05-12-19 
001B    $01999:05-12-19 $t22:35:11.000 
001D    $03025:05-12-19 
001U    $0utf8 
001X    $00 
002@    $0Aou 
002C    $aText $btxt $2rdacontent 
002D    $aohne Hilfsmittel zu benutzen $bn $2rdamedia 
002E    $aBand $bnc $2rdacarrier 
003@    $0456461035 
007A    $0456461035 $aHEB 
010@    $ager 
010E    $erda 
011@    $a2016 
021A    $aArchäologische Jagdbelege ans böhmischen Burgen $hTomáš Durdík 
028A    $BVerfasser $4aut $7112304036 $8Durdík, Tomáš$Z1951-2012 [Tp1] $9146779959 
031A    $h211-218 $j2016 
034M    $aIllustrationen 
039B    $aEnthalten in $8--Aau--. Tiere auf Burgen und frühen Schlössern. - Petersberg : Michael Imhof Verlag, [2016]. - 303 Seiten. - Illustrationen, Diagramme. - ISBN 3-7319-0048-3 $x201600000000000789 $9387745769 
044K    $RProtektorat Böhmen und Mähren $RBöhmische Länder $#Čech $#Königreich Böhmen $#České Království $#Království České $#Kronland Böhmen $#Čechy $#Ceské Království $#Království Ceské $74007467-5 $8Böhmen [Tgz] $9085012173 
044K    $RBefestigung $RAdelshaus $RResidenz $RBurgenkunde $#Castles $#Châteaux forts $#Burgen $74009104-1 $8Burg [Ts1] $9085017191 
044K    $RVor- und Frühgeschichte $RBodendenkmalpflege $#Archaeology $#Archéologie $74002827-6 $8Archäologie [Ts1] $9084999233 
044K    $RTierfang $RJagdkunde $RJäger $#Hunting $#Chasse $#Caccia $#Caza $#hunting $#Jagd $#Jagen $#Waidwerk $#Weidwerk $74027955-8 $8Jagd [Ts1] $9085071552 

lok: 45646103 78

exp: 45646103 78 1 #EPN
201B/01 $005-12-19 $t11:47:02.000 
201C/01 $005-12-19 
201U/01 $0utf8 
203@/01 $01071646486 
208@/01 $a05-12-19 $be 
209A/01 $a/ $f000 $x00 
209A/01 $ab*p $x01 
220C/01 $apgar 
244Z/01 $#Böhmische Kronländer $#Länder der Böhmischen Krone $#Sudetenland $#Böhmen $#Mähren $#Mährisch-Schlesien $#Österreichisch-Schlesien $#Tschechische Sozialistische Republik Böhmische Länder $#Tschechei Böhmische Länder $#Země koruny české $74069573-6 $8--Tg1--Böhmische Länder $x01 $9085195553 
247C/01 $82080>Marburg/Lahn, Herder-Institut, Forschungsbibliothek, Bibliographieportal $9336309341
LEADER 00000caa a2200000 c 4500
001 456461035
003 DE-603
005 20191205223511.0
007 tu
008 191205s2016 xx |||| | u00||u|ger c
035 |a (DE-599)HEB456461035 
040 |a DE-603  |b ger  |c DE-603  |d DE-603  |e rda 
041 |a ger 
100 1 |a Durdík, Tomáš  |d 1951-2012  |e Verfasser  |4 aut  |0 (DE-603)146779959  |0 (DE-588)112304036  |2 gnd 
245 0 0 |a Archäologische Jagdbelege ans böhmischen Burgen  |c Tomáš Durdík 
264 0 |c 2016 
300 |b Illustrationen 
336 |a Text  |b txt  |2 rdacontent 
337 |a ohne Hilfsmittel zu benutzen  |b n  |2 rdamedia 
338 |a Band  |b nc  |2 rdacarrier 
650 7 |a Burg  |0 (DE-588)4009104-1  |0 (DE-603)085017191  |2 gnd 
650 7 |a Archäologie  |0 (DE-588)4002827-6  |0 (DE-603)084999233  |2 gnd 
650 7 |a Jagd  |0 (DE-588)4027955-8  |0 (DE-603)085071552  |2 gnd 
651 7 |a Böhmen  |0 (DE-588)4007467-5  |0 (DE-603)085012173  |2 gnd 
773 0 8 |i Enthalten in  |t Tiere auf Burgen und frühen Schlössern  |d Petersberg : Michael Imhof Verlag, [2016]  |h 303 Seiten, Illustrationen, Diagramme  |z 3731900483  |z 9783731900481  |g (2016), Seite 211-218  |w (DE-603)387745769 
924 0 |9 2080  |a (DE-603)1071646486  |b DE-2080  |c HES  |d d  |g /